000 02303cam a22005294i 4500
003 PE-LiUPU
005 20250731173434.0
008 150706s r 000 0 d
020 _a9781621361862
035 _a(Sirsi) i9781621361862
040 _aPE-LiUPU
_bspa
_cPE-LiUPU
_erda
049 _aPRUA
082 0 4 _a248.845
_bH54
_221
100 1 _aHill, Graig S.,
_eautor.
245 1 3 _aEl poder de la bendición paternal /
_cGraig Hill.
264 1 _aLake Mary, Florida :
_bCasa Creación,
_c2013.
300 _a235 páginas ;
_c21 cm
336 _atext
_2rdacontent
337 _aunmediated
_2rdamedia
338 _avolume
_2rdacarrier
500 _aVea sus hijos prosperar y cumplir su destino en Cristo
500 _aCraig Hill Fundador de Family Foundations International -- en cubierta.
505 0 _aEl llanto de Esaú -- Crear una cultura de bendición familiar -- El camino antiguo de Dios: siete tiempos críticos de bendición -- Bendecir a sus hijos durante la concepción -- Bendecir a sus hijos en el vientre -- Bendecir a sus hijos en el nacimiento -- Bendecir a sus hijos durante la infancia y la niñez -- Bendecir a sus hijos durante la etapa de la pubertad -- Bendecir a sus hijos a la hora del matrimonio -- Bendecir a sus padres en la edad anciana -- Bendición familiar: la clave para reclamar la montaña familiar
526 _aSEG42
526 _aSEG41
526 _aSEG40
526 _aSEG39
526 _aP94
526 _aP87
526 _aP86
526 _aP85
526 _aP77
526 _aP76
526 _aP35
541 _g001-0000701;
650 0 4 _aPadres
_xVida religiosa.
650 0 4 _aCrianza de niños
_xCristianismo.
650 0 4 _aBendición.
650 0 4 _aConsagración.
700 1 _aJohnson, Bill,
_edr.
910 _agl
_clch
_d20131003
942 _2ddc
_cBOOK
949 _a248.845 H54
_wDEWEY
_c1
_i68479
_lCCODEBUL1
_mBUL
_p15.00
_r0
_sY
_tBOOK
_u2015-7-6
_xTEOLOGIA
_PP35
_o.STAFF. Colección General
994 _aC0
_bPEPRU
596 _a1
999 _a248.845 H54
_wDEWEY
_c55862
_i68479
_d55862
_e2018-8-23
_f2021-11-10
_g5
_lCCODEBUL1
_mBUL
_n1
_p15.00
_r0
_sY
_tBOOK
_u2015-7-6
_xTEOLOGIA
_PP35
_0COMPRA
_o.STAFF. Colección General
980 _81
_gALBERTO SANCHEZ Responsable de Automatización